000 01027nam a2200253 i 4500
001 38849
003 ES-MaACL
005 20250804012819.0
007 t|
008 030226s1891 sp ||||1| spa d
100 1 _aCampoamor, Ramón de,
_d1817-1901
_934232
245 1 3 _aLa metafísica y la poesía :
_bpolémica /
_cpor Don Ramón de Campoamor y Don Juan Valera.
260 _aMadrid :
_bSáenz de Jubera, hermanos,
_c1891 (
_fE. Rubiños, imp.)
300 _a271 p. ;
_c18 cm.
505 8 _aContiene: Referencias al Ateneo y a la revista El Ateneo
530 _aDisponible en formato digital.
650 4 _aPoesía-
_xFilosofía.
_9153115
650 7 _aMetafísica
_2embne
_915012
700 1 _aValera, Juan,
_d1824-1905
_9112638
852 _aES-MaACL
_jD-4313
856 _uhttp://bdh-rd.bne.es/viewer.vm?id=0000084199&page=1
_zBiblioteca Digital Hispánica
856 _uhttp://bibliotecavirtual.asturias.es/i18n/consulta/registro.cmd?id=2488
_zBiblioteca Virtual del Principado de Asturias
999 _c38849
_d38849